|
|
|
|
| LEADER |
01041nam a22003137a 4500 |
| 001 |
29915 |
| 003 |
BD-DhAAL |
| 005 |
20150910155525.0 |
| 008 |
150906s1992 bg a|||| |||| 00| 0 eng d |
| 040 |
|
|
|a BD-DhAAL
|c BD-DhAAL
|
| 082 |
|
|
|2 22
|a 307.1412095492
|
| 999 |
|
|
|c 35439
|d 35439
|
| 999 |
|
|
|c 35439
|
| 999 |
|
|
|c 35438
|
| 999 |
|
|
|c 35436
|
| 999 |
|
|
|c 35435
|
| 999 |
|
|
|c 35434
|
| 999 |
|
|
|c 35433
|
| 245 |
|
|
|a BRAC report 1991
|
| 260 |
|
|
|a Dhaka :
|b BRAC,
|c 1992
|
| 300 |
|
|
|a 59 p. :
|b ill. ;
|c 28 cm.
|
| 541 |
|
|
|e 29915
|
| 610 |
|
|
|a BRAC
|9 14405
|
| 650 |
|
|
|a Rural Development
|z Bangladesh
|9 14406
|
| 710 |
|
|
|a BRAC
|9 14405
|
| 852 |
|
|
|a Ayesha Abed Library
|c BRAC Resource Section
|
| 942 |
|
|
|2 ddc
|c BK
|
| 952 |
|
|
|0 0
|1 0
|2 ddc
|4 0
|6 307_141209549200000_BRA
|7 0
|9 55730
|a BRACUL
|b BRACUL
|c BRS
|d 2015-09-06
|e BRAC
|l 0
|o 307.1412095492 BRA
|p 3010029915
|r 2015-09-06
|t 1
|w 2015-09-06
|y BK
|
| 952 |
|
|
|0 0
|1 0
|2 ddc
|4 0
|6 307_141209549200000_BRA
|7 0
|9 55731
|a BRACUL
|b BRACUL
|c BRS
|d 2015-09-06
|e BRAC
|l 0
|o 307.1412095492 BRA
|p 3010029916
|r 2015-09-06
|t 2
|w 2015-09-06
|y BK
|